Normal view MARC view
  • McAdam, Marika

Entry Personal Name

Number of records used in: 1

001 - CONTROL NUMBER

  • control field: 986

003 - CONTROL NUMBER IDENTIFIER

  • control field: DLC

005 - DATE AND TIME OF LATEST TRANSACTION

  • control field: 20231109073050.0

008 - FIXED-LENGTH DATA ELEMENTS

  • fixed length control field: 041214n| acannaabn |n aaa c

010 ## - LIBRARY OF CONGRESS CONTROL NUMBER

  • LC control number: nr2004037453

040 ## - CATALOGING SOURCE

  • Original cataloging agency: IOrQBI
  • Language of cataloging: eng
  • Transcribing agency: IOrQBI

100 1# - HEADING--PERSONAL NAME

  • Personal name: McAdam, Marika

670 ## - SOURCE DATA FOUND

  • Source citation: Bangladesh, 2004:
  • Information found: t.p. (Marika McAdam)